| 000 | 00493nam a22001697a 4500 | ||
|---|---|---|---|
| 003 | NUST - PNEC | ||
| 005 | 20170116181206.0 | ||
| 008 | 161119b xxu||||| |||| 00| 0 eng d | ||
| 020 | _a- | ||
| 040 | _cLIBRARY | ||
| 082 | _a954.91 AHM | ||
| 100 |
_916848 _aAhmed, Syed Samih |
||
| 245 |
_aPakistan ka siyasi irtiqa aur fauj ka kirdar (Urdu) _cSyed Samih Ahmed |
||
| 260 |
_aKarachi: _bRoyal Book Company; _c2016 |
||
| 650 |
_916849 _aPakistan, History-Political _xGeneral |
||
| 942 |
_2ddc _cBK |
||
| 999 |
_c71648 _d71648 |
||